01519nam a2200253 u 450000100070000000500170000700800410002402000150006503500110008003500200009104000130011104100080012408200080013210000300014024500640017026000420023430000350027649000600031150507350037165000470110665000260115365000560117970000300123572885820260506092838.0020402s2001 spa  a8474326974 a728858 a(OCoLC)47684020 ccomduadb aspa 4a00110aOrna, Elizabeth4auteaut10aCómo usar la información en trabajos de investigación aBarcelona :bEditorial Gedisa,c2001. a238 páginas :bilustraciones0 aBiblioteca de Educación : Herramientas Universitarias aCONTENIDO : Prologo. -- 1: ¿Que estamos haciendo cuando investigamos? -- 2: diseñar el mapa del territorio de investigación: áreas conocidas y desconocidas. -- 3: Manejar la información como apoyo para la investigación. -- 4: La actualización de registros: documentar la investigación. -- 5: Administrar el tiempo disponible. -- 6: Planificar los productos informativos de la investigación: preguntas para responder 7: Planificar los productos informativos de la investigación: primeras decisiones.8: Ampliar nuestro repertorio para presentar la información. -- 9: ¡el diseño es más que un cosmético! 10: Transformar el conocimiento en información escrita: diseñar el texto. -- Índice temático. aAdministracion de fuentes de información 7aInvestigación2lemb 7aInvestigación científicaxMetodología2armarc10aStevens, Graham4auteaut